| 000 | 02199nam a2200241 a 4500 | ||
|---|---|---|---|
| 001 | 000000438 | ||
| 003 | DO-SdBNP | ||
| 005 | 20231226124527.0 | ||
| 008 | 081218s1979 dr a 000 0 spa d | ||
| 040 |
_aDO-SdBNP _bspa _cBNPHU |
||
| 082 |
_a133.9 _bC352o |
||
| 100 | 1 |
_aCastillo de Díaz, Carmen _91459 |
|
| 245 | 1 | 4 |
_aLos ovnis y la escuela espiritista / _cCarmen Castillo de Díaz. |
| 260 |
_aSanto Domingo : _bLa Isabela, _c1979. |
||
| 300 |
_a216 p. : _bil. ; _c21 cm. |
||
| 505 | 0 |
_gPrefacio -- _gPrólogo -- _tI: El mundo que el hombre desconoce -- _t¿El Ovnis se crea en el momento que se hace visible o existe siempre? -- _tCuándo, por qué y a quién se le da avistamiento de Ovni -- _t¿Qué son las pruebas? -- _tQuién pone las pruebas -- _tLa confianza debe ser al Padre Creador, nosotros solo somos sus mensajeros -- _tPor qué nos llamamos mensajeros del Padre -- _tCuándo visible y por qué invisibles -- _tLos Avistamientos -- _tEl por qué de las experiencias inconscientes -- _tPorqué no se nota nuestra colaboración más ostensiblemente -- _tII: ¿Qué hay de cierto en todas las profecías que han sido escritas desde tiempos inmemorables para este tiempo? -- _tEl mecanismo del cumplimiento de las profecías en el plano espiritual -- _tLa necesidad para la Escuela de la prueba -- _tNecesidad para el hombre de esa prueba -- _t¿Qué necesidad tenía el planeta de la prueba? -- _tLa escuela espiritista en los próximos dos años -- _tEl año 1980 para la escuela -- _tEl verdadero mundo y la verdadera vida -- _tIII: El sentido verdadero de la vida -- _tLas facultades que todos los hombres deben desarrollar en este tiempo -- _tIntuición -- _tObservación -- _tLa telepatía -- _tLa inspiración -- _tIV: Los Ovnis y el espiritismo -- _tEscuela magnético espiritual de la comuna universal -- _tLos Ovnis y la escuela espiritista "Hija de la Verdad" -- _tEncuentros cercanos de Tres Tipos -- _tEl mecanismo que usamos para dictar este libro -- _gEpílogo. |
|
| 590 | _aInventariado, 2018/LP | ||
| 650 | 4 |
_aEspiritismo _91460 |
|
| 650 | 4 |
_aObjetos voladores no identificados _91461 |
|
| 650 | 4 |
_aPercepción extrasensorial _91462 |
|
| 910 | _aValidado. Control de calidad EMS | ||
| 942 |
_2ddc _cLBS1 |
||
| 999 |
_c436 _d436 |
||